Studies in statistics /
Guardado en:
| Otros Autores: | , |
|---|---|
| Formato: | Libro |
| Idioma: | English |
| Publicado: |
[Washington] :
Mathematical Association of America,
c1978.
|
| Series: | Studies in mathematics (Mathematical Association of America) ;
v. 19. |
| Materias: | |
| Etiquetas: |
Agregar Etiqueta
Sin Etiquetas, Sea el primero en etiquetar este registro!
|
| LEADER | 01197cam a2200253 a 4500 | ||
|---|---|---|---|
| 001 | MAT.inmabb002879 | ||
| 008 | 790913s1978####dcu######b####001#0#eng## | ||
| 005 | 20160602143750.0 | ||
| 245 | 0 | 0 | |a Studies in statistics / |c Robert V. Hogg, editor. |
| 260 | |a [Washington] : |b Mathematical Association of America, |c c1978. | ||
| 300 | |a xiii, 213 p. ; |c 21 cm. | ||
| 490 | 1 | |a Studies in mathematics ; |v v. 19 | |
| 504 | |a Incluye referencias bibliográficas. | ||
| 505 | 0 | 0 | |t An introduction to mathematical statistics / |r Robert V. Hogg -- |t Experimental design / |r Peter W. M. John -- |t A brief survey of nonparametric statistics / |r Gottfried E. Noether -- |t Chi-square tests / |r David S. Moore -- |t Sample surveys: theory and practice / |r Jack E. Graham and J. N. K. Rao -- |t Decision theory / |r Bruce M. Hill. |
| 510 | 4 | |a MR, |c 80f:62002 | |
| 020 | |a 0883851199 | ||
| 700 | 1 | |a Graham, Jack E. | |
| 700 | 1 | |a Hogg, Robert V. |4 edt | |
| 830 | 0 | |a Studies in mathematics (Mathematical Association of America) ; |v v. 19. | |
| 650 | 0 | |a Mathematical statistics |x Addresses, essays, lectures. | |
| 084 | |a 62-02 (62-06) |2 msc2000 | ||
| 010 | |a 78071936 | ||
| 040 | |a DLC |c DLC |d DLC | ||
| 859 | |h 62 |i St933s |p A-5469 |b BIB. MATEMATICA | ||
